[Event "XV Festival A"]
[Site "Verona ITA"]
[Date "2009.04.07"]
[Round "1"]
[White "Pienabarca, Nicola"]
[Black "Stromboli, Carlo"]
[Result "0-1"]
[WhiteElo "2092"]
[BlackElo "2283"]
[PlyCount "56"]
[EventDate "2009.04.07"]

1. d4 Nf6 2. Nf3 b6 3. g3 Bb7 4. Bg2 g6 5. c4 c5 6. d5 b5 7. O-O Bg7 8. d6 bxc4
9. Nbd2 c3 10. Nc4 O-O 11. Rb1 c2 12. Qxc2 Be4 13. Qa4 Bxb1 14. Nfd2 Nc6 15.
Nxb1 exd6 16. Nc3 Rb8 17. Nxd6 Rb4 18. Qa6 Rb6 19. Qa3 Nb4 20. Rd1 Qe7 21. Ncb5
a6 22. Qa5 Rfb8 23. Nc8 Rxc8 24. Qxb6 axb5 25. Qxb5 Nc6 26. Bf4 Nd4 27. Qa6
Nxe2+ 28. Kf1 Re8 0-1

[Event "XV Festival A"]
[Site "Verona ITA"]
[Date "2009.04.07"]
[Round "1"]
[White "Pomaro, Alberto"]
[Black "Codenotti, Marco"]
[Result "1-0"]
[WhiteElo "2278"]
[BlackElo "2035"]
[PlyCount "51"]
[EventDate "2009.04.07"]

1. e4 c5 2. Nf3 d6 3. d4 cxd4 4. Nxd4 Nf6 5. Nc3 a6 6. Be3 e6 7. Be2 Be7 8. O-O
O-O 9. f4 Nc6 10. Kh1 Qc7 11. Qe1 Bd7 12. Qg3 b5 13. a3 Nxd4 14. Bxd4 Bc6 15.
Rae1 Qb7 16. Bd3 Rfd8 17. Qh3 Nd7 18. b4 a5 19. Nd5 Bf8 20. Rf3 g6 21. Nf6+
Nxf6 22. Bxf6 Re8 23. Qxh7+ Kxh7 24. Rh3+ Bh6 25. Ree3 g5 26. fxg5 1-0

[Event "XV Festival A"]
[Site "Verona ITA"]
[Date "2009.04.07"]
[Round "1"]
[White "Stromboli, Ettore"]
[Black "Panjkovic, Aleksandar"]
[Result "1-0"]
[WhiteElo "2301"]
[BlackElo "2118"]
[PlyCount "67"]
[EventDate "2009.04.07"]

1. e4 d5 2. exd5 Qxd5 3. Nc3 Qd6 4. d4 Nf6 5. Bd3 a6 6. Nge2 Bg4 7. f3 Bh5 8.
Bf4 Qd7 9. Ne4 e6 10. c3 Nc6 11. O-O Bd6 12. Nxd6+ cxd6 13. Ng3 Bg6 14. Ne4
Nxe4 15. fxe4 O-O 16. Qe2 e5 17. dxe5 Nxe5 18. Bxe5 dxe5 19. Bc4 Rad8 20. Rad1
Qc7 21. Bd5 Kh8 22. c4 f5 23. exf5 Bxf5 24. Qe3 Bg6 25. Qa7 e4 26. Qd4 Rfe8 27.
Rde1 b6 28. Re3 h6 29. Rg3 Kh7 30. Rxg6 Kxg6 31. Bxe4+ Kh5 32. Rf5+ Kg6 33.
Rc5+ Rxe4 34. Qxe4+ 1-0

[Event "XV Festival A"]
[Site "Verona ITA"]
[Date "2009.04.07"]
[Round "2"]
[White "Caprio, Guido"]
[Black "Garonzi, Martino"]
[Result "1-0"]
[WhiteElo "2205"]
[BlackElo "2029"]
[PlyCount "35"]
[EventDate "2009.04.07"]

1. e4 c5 2. Nf3 Nc6 3. d4 cxd4 4. Nxd4 g6 5. Nc3 Bg7 6. Be3 Nf6 7. Bc4 O-O 8.
f3 Qb6 9. Ke2 Ng4 10. fxg4 Bxd4 11. Bxd4 Nxd4+ 12. Kf1 Qxb2 13. Qxd4 Qxa1+ 14.
Kf2 Qxh1 15. Nd5 Re8 16. Qe5 d6 17. Nxe7+ Kf8 18. Qf6 1-0

[Event "XV Festival A"]
[Site "Verona ITA"]
[Date "2009.04.08"]
[Round "2"]
[White "Coratella, Giuseppe"]
[Black "Brunello, Sabino"]
[Result "0-1"]
[WhiteElo "2248"]
[BlackElo "2477"]
[PlyCount "62"]
[EventDate "2009.04.07"]

1. e4 c5 2. Nf3 e6 3. d4 cxd4 4. Nxd4 Nc6 5. Be3 Nf6 6. Nc3 Bb4 7. Bd3 d5 8.
Nxc6 bxc6 9. e5 d4 10. exf6 dxe3 11. fxg7 exf2+ 12. Kf1 Rg8 13. Bxh7 Qh4 14.
Bd3 Rxg7 15. Qf3 Bb7 16. Qxf2 Qh6 17. Ne4 O-O-O 18. Qxa7 Rxd3 19. cxd3 f5 20.
a3 fxe4 21. axb4 e3 22. Qd4 Rd7 23. Qe4 Qf8+ 24. Qf3 Rf7 25. Ke2 Rxf3 26. gxf3
Qxb4 27. Kxe3 c5 28. Raf1 Qd4+ 29. Ke2 Qxb2+ 30. Ke3 Qd4+ 31. Ke2 Ba6 0-1

[Event "XV Festival A"]
[Site "Verona ITA"]
[Date "2009.04.08"]
[Round "2"]
[White "Facchetti, Gianni"]
[Black "Mrdja, Milan"]
[Result "0-1"]
[WhiteElo "2174"]
[BlackElo "2431"]
[PlyCount "102"]
[EventDate "2009.04.07"]

1. e4 Nf6 2. e5 Nd5 3. d4 d6 4. exd6 cxd6 5. Be2 g6 6. c3 Bg7 7. Bf3 Nc7 8. Ne2
O-O 9. O-O Nc6 10. Na3 e5 11. dxe5 dxe5 12. Nc4 f5 13. Bxc6 bxc6 14. Qxd8 Rxd8
15. Bg5 Rd5 16. Rfd1 Ba6 17. b3 Ne6 18. Be7 Kf7 19. Bb4 Rad8 20. Re1 Bxc4 21.
bxc4 Rd2 22. Ng3 e4 23. Nf1 Rc2 24. Rec1 Rxc1 25. Rxc1 Nf4 26. Rc2 Rd1 27. g3
Nd3 28. Re2 c5 29. Ba5 Bh6 30. Kg2 Rb1 31. h4 Ne5 32. Bc7 Nxc4 33. Bf4 Bxf4 34.
gxf4 h5 35. Rc2 Re1 36. Ng3 a5 37. Ne2 a4 38. Ng1 a3 39. Ne2 Rb1 40. Nc1 Rb2
41. Re2 Nb6 42. Kg3 Nd5 43. c4 Nb4 44. Re3 Rc2 45. Nb3 Nxa2 46. Nxc5 Nc3 47.
Kg2 a2 48. Nb3 Nd1 49. Re1 Nxf2 50. Ra1 Nd3+ 51. Kg3 Nb4 0-1

[Event "XV Festival A"]
[Site "Verona ITA"]
[Date "2009.04.07"]
[Round "2"]
[White "Simutowe, Amon"]
[Black "Pomaro, Alberto"]
[Result "1-0"]
[WhiteElo "2486"]
[BlackElo "2278"]
[PlyCount "57"]
[EventDate "2009.04.07"]

1. e4 c5 2. c3 e6 3. Nf3 d5 4. exd5 Qxd5 5. d4 Nf6 6. Na3 Be7 7. Nb5 Na6 8. Be2
O-O 9. O-O Rd8 10. Ne5 cxd4 11. cxd4 Bd7 12. Bc4 Qe4 13. Re1 Qh4 14. g3 Qh3 15.
Bf1 Qh5 16. Be2 Qh3 17. Nc3 Nb4 18. Bf1 Qh5 19. Be2 Qh3 20. a3 Nbd5 21. Bf1 Qh5
22. Qxh5 Nxh5 23. Nxd5 exd5 24. Nxd7 Rxd7 25. Bh3 Rc7 26. g4 Rxc1 27. Raxc1 Nf4
28. Rxe7 Kf8 29. Re3 1-0

[Event "XV Festival A"]
[Site "Verona ITA"]
[Date "2009.04.07"]
[Round "2"]
[White "Stromboli, Carlo"]
[Black "Godena, Michele"]
[Result "0-1"]
[WhiteElo "2283"]
[BlackElo "2538"]
[PlyCount "40"]
[EventDate "2009.04.07"]

1. e4 e5 2. Nf3 Nc6 3. d4 exd4 4. Bc4 Bc5 5. c3 Nf6 6. e5 d5 7. Bb5 Ne4 8. cxd4
Bb6 9. Be3 O-O 10. Nbd2 Nxd2 11. Kxd2 Bd7 12. Bd3 f6 13. exf6 Qxf6 14. Ng5 Bf5
15. Bxf5 Qxf5 16. Nf3 Rae8 17. Qb3 Re4 18. Qd3 Qg4 19. Ng5 Rxd4 20. Bxd4 Qxg5+
0-1

[Event "XV Festival A"]
[Site "Verona ITA"]
[Date "2009.04.09"]
[Round "4"]
[White "Vezzosi, Paolo"]
[Black "Pomaro, Alberto"]
[Result "1-0"]
[WhiteElo "2363"]
[BlackElo "2278"]
[PlyCount "81"]
[EventDate "2009.04.07"]

1. d4 Nf6 2. Nf3 g6 3. Bg5 Bg7 4. Nbd2 d5 5. e3 O-O 6. Bd3 c5 7. c3 b6 8. O-O
Bb7 9. Ne5 Nfd7 10. f4 Nxe5 11. fxe5 f6 12. exf6 exf6 13. Bf4 c4 14. Bc2 f5 15.
g4 fxg4 16. Qxg4 Nd7 17. Nf3 Qe8 18. Ng5 Nf6 19. Qe6+ Qxe6 20. Nxe6 Rf7 21.
Nxg7 Kxg7 22. Be5 Raf8 23. Rxf6 Rxf6 24. Rf1 Bc6 25. Kg2 h6 26. h4 b5 27. Kg3
R8f7 28. Rf4 Rf8 29. a3 a6 30. Kg2 a5 31. Kg3 Be8 32. e4 Bc6 33. exd5 Bxd5 34.
a4 b4 35. cxb4 axb4 36. a5 b3 37. Bb1 g5 38. hxg5 hxg5 39. Rf5 Bb7 40. d5 Bc8
41. Rf2 1-0

[Event "XV Festival A"]
[Site "Verona ITA"]
[Date "2009.04.10"]
[Round "5"]
[White "Brunello, Sabino"]
[Black "Vezzosi, Paolo"]
[Result "1-0"]
[WhiteElo "2477"]
[BlackElo "2363"]
[PlyCount "55"]
[EventDate "2009.04.07"]

1. d4 e6 2. c4 f5 3. g3 Nf6 4. Bg2 Bb4+ 5. Bd2 a5 6. a3 Bxd2+ 7. Nxd2 d6 8.
Ngf3 Nc6 9. O-O O-O 10. Rc1 e5 11. e3 Qe7 12. d5 Nb8 13. b4 Bd7 14. Qb3 Na6 15.
e4 axb4 16. axb4 Nxe4 17. Nxe4 fxe4 18. Nd2 e3 19. fxe3 Rxf1+ 20. Rxf1 Rf8 21.
c5 Bb5 22. cxd6 Qxd6 23. Ne4 Rxf1+ 24. Bxf1 Qg6 25. d6+ Kf8 26. Qd5 Nxb4 27.
Qxb7 Bxf1 28. Qxb4 1-0

[Event "XV Festival A"]
[Site "Verona ITA"]
[Date "2009.04.10"]
[Round "5"]
[White "Godena, Michele"]
[Black "Mrdja, Milan"]
[Result "1-0"]
[WhiteElo "2538"]
[BlackElo "2431"]
[PlyCount "109"]
[EventDate "2009.04.07"]

1. e4 d5 2. exd5 Qxd5 3. Nf3 Nf6 4. d4 c6 5. Be2 g6 6. O-O Bg7 7. c4 Qd6 8. h3
O-O 9. Nc3 Nbd7 10. Be3 Rd8 11. Qc2 e5 12. dxe5 Nxe5 13. Rad1 Nxf3+ 14. Bxf3
Qe7 15. Rxd8+ Qxd8 16. Rd1 Qe7 17. Qd2 Be6 18. b3 Nd7 19. Ne4 Be5 20. Ng5 Nf8
21. Nxe6 Qxe6 22. Qb4 Qc8 23. Qe7 Qc7 24. Qxc7 Bxc7 25. b4 a6 26. a4 Rd8 27.
Rb1 Ne6 28. b5 axb5 29. cxb5 Nd4 30. bxc6 bxc6 31. Bxd4 Rxd4 32. Bxc6 Rc4 33.
Bd7 Rc2 34. g4 Bd6 35. Rb3 Ra2 36. Rf3 Ra3 37. Rxa3 Bxa3 38. a5 Bc5 39. Kf1 Kg7
40. Ke2 Kf6 41. Be8 h6 42. f3 Ke7 43. Ba4 Bb4 44. a6 Bc5 45. Bb3 f6 46. Bc2 g5
47. Kd3 Kd6 48. Ke4 Kc7 49. Kf5 Bd4 50. Kg6 Kd6 51. Kxh6 Ke6 52. Kg6 Be3 53.
Bb3+ Ke7 54. Kf5 Bb6 55. f4 1-0

[Event "XV Festival A"]
[Site "Verona ITA"]
[Date "2009.04.10"]
[Round "5"]
[White "Pomaro, Alberto"]
[Black "Garonzi, Martino"]
[Result "1-0"]
[WhiteElo "2278"]
[BlackElo "2029"]
[PlyCount "57"]
[EventDate "2009.04.07"]

1. e4 c5 2. Nf3 Nc6 3. d4 cxd4 4. Nxd4 g6 5. Nc3 Bg7 6. Nb3 Nf6 7. Be2 O-O 8.
O-O d6 9. Bg5 Be6 10. Re1 Rc8 11. Bf1 Ne5 12. Nd5 Re8 13. Qd2 Bxd5 14. exd5 Qc7
15. Bb5 Red8 16. c3 a6 17. Bf1 Rd7 18. Rad1 Nc4 19. Qe2 Nb6 20. Qf3 Nbxd5 21.
Rxd5 Nxd5 22. Qxd5 e6 23. Qf3 d5 24. Bf6 e5 25. Rxe5 Bxf6 26. Qxf6 Rd6 27. Qf3
Re6 28. Rxd5 Re1 29. Rc5 1-0

[Event "XV Festival A"]
[Site "Verona ITA"]
[Date "2009.04.10"]
[Round "6"]
[White "Codenotti, Marco"]
[Black "Caprio, Guido"]
[Result "1-0"]
[WhiteElo "2035"]
[BlackElo "2205"]
[PlyCount "64"]
[EventDate "2009.04.07"]

1. e4 g6 2. d4 Bg7 3. Nc3 d6 4. f4 a6 5. Nf3 Nd7 6. Bd3 b5 7. Be3 c5 8. e5 Nh6
9. e6 fxe6 10. Ng5 Nf8 11. dxc5 b4 12. Na4 Bb7 13. Qe2 Bc6 14. Nb6 Bxb2 15. O-O
Rb8 16. Rad1 Bf6 17. Ne4 d5 18. Bxa6 Qc7 19. Nxf6+ exf6 20. f5 Nxf5 21. Nxd5
Qe5 22. Nxf6+ Qxf6 23. Bf4 Nd7 24. Bxb8 Nxb8 25. Bc4 Nd7 26. Bxe6 Ne5 27. Bxf5
gxf5 28. Rfe1 Be4 29. Rd6 Qg7 30. Qb5+ Nd7 31. g3 Qe7 32. Re2 Kd8 1-0

[Event "XV Festival A"]
[Site "Verona ITA"]
[Date "2009.04.10"]
[Round "6"]
[White "Coratella, Giuseppe"]
[Black "Pomaro, Alberto"]
[Result "1/2-1/2"]
[WhiteElo "2248"]
[BlackElo "2278"]
[PlyCount "99"]
[EventDate "2009.04.07"]

1. e4 e6 2. d4 d5 3. Nc3 Bb4 4. exd5 exd5 5. Nf3 Ne7 6. Bd3 O-O 7. O-O Bf5 8.
Re1 Bxd3 9. Qxd3 c6 10. Ng5 Ng6 11. h4 Re8 12. Bd2 h6 13. Rxe8+ Qxe8 14. Re1
Qd7 15. h5 Nf8 16. Nf3 Bd6 17. Ne5 Bxe5 18. Rxe5 Qd8 19. Qg3 Kh8 20. Rf5 Qe7
21. Re5 Ne6 22. f4 Qf8 23. f5 Nxd4 24. Qe3 Nd7 25. Qxd4 Nxe5 26. Qxe5 f6 27.
Qd4 Qe8 28. Qg4 Qe5 29. Ne2 c5 30. c3 Re8 31. Nf4 Qe4 32. Qg6 Re7 33. Qg3 Kh7
34. Qg6+ Kh8 35. Ne6 Qe2 36. Qg3 Qxh5 37. Qb8+ Re8 38. Qxb7 Qd1+ 39. Kh2 Qh5+
40. Kg3 Rxe6 41. fxe6 Qe5+ 42. Bf4 Qe1+ 43. Kh3 Qxe6+ 44. Kh2 Qg4 45. Qb8+ Kh7
46. Bg3 Qh5+ 47. Kg1 Qd1+ 48. Kf2 Qd2+ 49. Kf1 d4 50. cxd4 1/2-1/2

[Event "XV Festival A"]
[Site "Verona ITA"]
[Date "2009.04.10"]
[Round "6"]
[White "De Filomeno, Simone"]
[Black "Stromboli, Ettore"]
[Result "1/2-1/2"]
[WhiteElo "2229"]
[BlackElo "2301"]
[PlyCount "29"]
[EventDate "2009.04.07"]

1. e4 e6 2. d4 d5 3. Nc3 Bb4 4. e5 c5 5. dxc5 Nc6 6. Nf3 Nge7 7. Bd3 Ng6 8. O-O
Ncxe5 9. Nxe5 Nxe5 10. Bf4 Nxd3 11. Qxd3 Bxc3 12. Qxc3 O-O 13. Bd6 Re8 14. b4
Bd7 15. f4 1/2-1/2

[Event "XV Festival A"]
[Site "Verona ITA"]
[Date "2009.04.10"]
[Round "6"]
[White "Facchetti, Gianni"]
[Black "Luciani, Valerio"]
[Result "1-0"]
[WhiteElo "2174"]
[BlackElo "2214"]
[PlyCount "159"]
[EventDate "2009.04.07"]

1. e4 e6 2. d4 d5 3. Nd2 c5 4. exd5 Qxd5 5. Ngf3 cxd4 6. Bc4 Qd6 7. O-O Nf6 8.
Nb3 Nc6 9. Nbxd4 Nxd4 10. Qxd4 Qxd4 11. Nxd4 a6 12. Be2 Bd6 13. Rd1 Ke7 14. Bf3
Rb8 15. Nf5+ exf5 16. Rxd6 Kxd6 17. Bf4+ Kc5 18. Bxb8 Ne4 19. Bf4 Rd8 20. Rd1
Rxd1+ 21. Bxd1 Be6 22. a3 Kc6 23. Be3 f6 24. Be2 b5 25. f3 Nd6 26. b3 Nf7 27.
Kf2 Ne5 28. h3 Nf7 29. Bd2 Nd6 30. h4 Bf7 31. g3 Bg6 32. Bf4 Be8 33. Bxd6 Kxd6
34. f4 Kc5 35. Ke3 a5 36. c3 b4 37. axb4+ axb4 38. cxb4+ Kxb4 39. Bc4 Kc3 40.
Be6 Bg6 41. Bg8 h6 42. Be6 Be8 43. Bxf5 Kxb3 44. Kd4 Bf7 45. Kc5 Kc3 46. Kd6
Kd4 47. Ke7 Bc4 48. Kf8 Ke3 49. Kxg7 Kf3 50. Kxh6 Kxg3 51. Kg6 Kxh4 52. Kxf6
Kg3 53. Ke5 Bb5 54. Be4 Bd7 55. Bf5 Bb5 56. Be6 Bd3 57. Bd5 Kg4 58. Be4 Bc4 59.
f5 Kg5 60. f6 Bf7 61. Bf5 Be8 62. Bd3 Bf7 63. Be4 Bc4 64. Bf5 Bf7 65. Be6 Kg6
66. Bd7 Kg5 67. Be6 Kg6 68. Bc8 Bb3 69. Be6 Ba4 70. Bd5 Be8 71. Bb3 Bf7 72.
Bc2+ Kg5 73. Bf5 Be8 74. Ke6 Bh5 75. Bc2 Be2 76. Bb3 Bh5 77. Ke7 Bg6 78. Bf7
Bc2 79. Be8 Bb3 80. Bd7 1-0

[Event "XV Festival A"]
[Site "Verona ITA"]
[Date "2009.04.10"]
[Round "6"]
[White "Garonzi, Martino"]
[Black "Parpinel, Marco"]
[Result "1-0"]
[WhiteElo "2029"]
[BlackElo "2148"]
[PlyCount "63"]
[EventDate "2009.04.07"]

1. e4 Nc6 2. Nf3 f5 3. exf5 d5 4. d4 Bxf5 5. Bd3 Qd7 6. O-O O-O-O 7. Bf4 Nf6 8.
Re1 Bg4 9. c3 g5 10. Bxg5 Rg8 11. Bh4 Bh6 12. Bg3 Rdf8 13. Qc2 Nh5 14. Nbd2 Nf4
15. b4 Nxd3 16. Qxd3 Bg7 17. a4 h5 18. a5 Bf6 19. b5 Nd8 20. b6 cxb6 21. axb6
a6 22. Nb3 Bf5 23. Qf1 Ne6 24. Rxe6 Bxe6 25. Nc5 Qc6 26. Bc7 Rxg2+ 27. Kxg2
Rg8+ 28. Kh1 Bg4 29. Ng1 Bxd4 30. cxd4 Qf6 31. f3 Qxd4 32. Rxa6 1-0

[Event "XV Festival A"]
[Site "Verona ITA"]
[Date "2009.04.10"]
[Round "6"]
[White "Mrdja, Milan"]
[Black "Stromboli, Carlo"]
[Result "1/2-1/2"]
[WhiteElo "2431"]
[BlackElo "2283"]
[PlyCount "85"]
[EventDate "2009.04.07"]

1. e4 e5 2. Nf3 Nf6 3. Nxe5 d6 4. Nf3 Nxe4 5. d4 d5 6. Bd3 Be7 7. O-O O-O 8.
Re1 Nd6 9. Bf4 Bg4 10. Nbd2 Nc6 11. c3 Bf5 12. Bxd6 Bxd3 13. Bxe7 Nxe7 14. Qb3
b6 15. Re3 Bg6 16. Rae1 Nf5 17. Re5 c6 18. h3 Nd6 19. Qb4 Be4 20. Ng5 Bg6 21.
Qa4 Rc8 22. a3 Rc7 23. Qb3 Re8 24. Rxe8+ Nxe8 25. Ngf3 Re7 26. Rxe7 Qxe7 27.
Qa4 c5 28. dxc5 bxc5 29. Qc6 Be4 30. Nh2 h6 31. Ng4 f5 32. Nxe4 Qxe4 33. Ne3 d4
34. Nxf5 Qxf5 35. Qxe8+ Kh7 36. cxd4 cxd4 37. Qe2 Qb1+ 38. Kh2 d3 39. Qe4+ Kh8
40. Qe8+ Kh7 41. Qe4+ Kh8 42. f4 Qf1 43. Qe8+ 1/2-1/2

[Event "XV Festival A"]
[Site "Verona ITA"]
[Date "2009.04.10"]
[Round "6"]
[White "Panjkovic, Aleksandar"]
[Black "Bernardi, Ruben"]
[Result "0-1"]
[WhiteElo "2118"]
[BlackElo "2143"]
[PlyCount "116"]
[EventDate "2009.04.07"]

1. Nf3 d5 2. d4 c6 3. b3 Nf6 4. Bb2 Bf5 5. Nh4 Bg6 6. Nxg6 hxg6 7. e3 Nbd7 8.
Bd3 Qc7 9. h3 e6 10. Nd2 g5 11. Qe2 Qa5 12. a3 Be7 13. O-O Qc7 14. f4 Nh5 15.
Qf3 gxf4 16. g4 fxe3 17. gxh5 exd2 18. Qxf7+ Kd8 19. Qxg7 Rxh5 20. Qg8+ Nf8 21.
Rxf8+ Kd7 22. Rxa8 Rg5+ 23. Qxg5 Bxg5 24. Kg2 Bh4 25. Rg8 Qf4 26. Rg7+ Kd8 27.
Bc3 Qf2+ 28. Kh1 d1=Q+ 29. Rxd1 Qf3+ 30. Kh2 Qxd1 31. Bb4 c5 32. Bxc5 Qd2+ 33.
Rg2 Qf4+ 34. Kh1 b6 35. Bb4 Bg3 36. Bd2 Qh4 37. Kg1 Qxd4+ 38. Kf1 Qh4 39. a4
Qxh3 40. Kg1 Kc7 41. Re2 Be5 42. Be3 Kd6 43. Ba6 Qg4+ 44. Kf1 Bg3 45. Bf2 Bf4
46. a5 Qh3+ 47. Kg1 Bh2+ 48. Kh1 Be5+ 49. Kg1 Qh2+ 50. Kf1 Qh1+ 51. Bg1 Bd4 52.
Rg2 Bxg1 53. Rxg1 Qf3+ 54. Ke1 Qe3+ 55. Kf1 Qc1+ 56. Kf2 Qxc2+ 57. Be2 Qc5+ 58.
Kg2 Qxa5 0-1

[Event "XV Festival A"]
[Site "Verona ITA"]
[Date "2009.04.10"]
[Round "6"]
[White "Simutowe, Amon"]
[Black "Brunello, Sabino"]
[Result "1/2-1/2"]
[WhiteElo "2486"]
[BlackElo "2477"]
[PlyCount "45"]
[EventDate "2009.04.07"]

1. e4 e5 2. Nf3 Nc6 3. Bb5 a6 4. Ba4 Nf6 5. O-O Be7 6. Re1 b5 7. Bb3 O-O 8. h3
Bb7 9. d3 d5 10. exd5 Nxd5 11. Nxe5 Nd4 12. c3 Nxb3 13. axb3 c5 14. d4 cxd4 15.
Qxd4 Qc7 16. Na3 Rfe8 17. Nf3 Bc5 18. Qd3 Rxe1+ 19. Nxe1 Nf4 20. Bxf4 Qxf4 21.
Nf3 Re8 22. b4 Bd6 23. Re1 1/2-1/2

[Event "XV Festival A"]
[Site "Verona ITA"]
[Date "2009.04.10"]
[Round "6"]
[White "Vezzosi, Paolo"]
[Black "Godena, Michele"]
[Result "1/2-1/2"]
[WhiteElo "2363"]
[BlackElo "2538"]
[PlyCount "85"]
[EventDate "2009.04.07"]

1. Nf3 d5 2. c4 e6 3. d4 c6 4. e3 Nf6 5. Nbd2 c5 6. dxc5 Bxc5 7. a3 dxc4 8.
Bxc4 Nbd7 9. O-O O-O 10. b4 Be7 11. Bb2 Nb6 12. Be2 Bd7 13. Nc4 Bb5 14. Nfe5
Nxc4 15. Bxc4 Qb6 16. Bd4 Qa6 17. Qe2 Bxc4 18. Qxc4 Qxc4 19. Nxc4 Rfd8 20. Na5
Rd7 21. Rfc1 Nd5 22. Kf1 f6 23. Rc2 e5 24. Bb2 Bd8 25. Nb3 Bb6 26. Ke2 Rad8 27.
b5 a6 28. bxa6 bxa6 29. Rac1 Kf7 30. Nd2 Rb8 31. Rc8 Rxc8 32. Rxc8 Rc7 33.
Rxc7+ Nxc7 34. Kd3 Ke6 35. Nc4 Bc5 36. f3 Kd5 37. Bc1 Ne6 38. Bd2 Kc6 39. a4
Be7 40. Na5+ Kd7 41. Nb3 Kc6 42. Kc4 Bd8 43. e4 1/2-1/2

[Event "XV Festival A"]
[Site "Verona ITA"]
[Date "2009.04.11"]
[Round "7"]
[White "Bernardi, Ruben"]
[Black "Simutowe, Amon"]
[Result "0-1"]
[WhiteElo "2143"]
[BlackElo "2486"]
[PlyCount "118"]
[EventDate "2009.04.07"]

1. e4 c5 2. Na3 Nc6 3. Bb5 Qc7 4. Nf3 Nf6 5. Qe2 a6 6. Bxc6 Qxc6 7. e5 Nd5 8.
d4 e6 9. c4 Nb4 10. O-O b6 11. b3 Bb7 12. Bb2 Qe4 13. Rfe1 Qxe2 14. Rxe2 Nd3
15. Rd1 Nxb2 16. Rxb2 cxd4 17. Nc2 d6 18. exd6 Bxd6 19. Nfxd4 Rd8 20. b4 Be4
21. Re1 Bd3 22. b5 Bxc4 23. bxa6 Bc5 24. a7 O-O 25. Nb3 Be7 26. Nbd4 Bc5 27.
Nb3 Bxb3 28. axb3 Rd7 29. b4 Be7 30. Ra2 Ra8 31. Ra6 b5 32. Rea1 Bf6 33. Rc1
Raxa7 34. Rxa7 Rxa7 35. Na3 h6 36. Nxb5 Rb7 37. Rc5 Rb6 38. g3 Be7 39. Rc7 Bxb4
40. Nd4 Rd6 41. Nc6 Rd1+ 42. Kg2 Be1 43. Rc8+ Kh7 44. Kf3 Bc3 45. Kg2 Rd2 46.
Rc7 f5 47. Kf3 Rb2 48. Nd8 Bd4 49. g4 Rxf2+ 50. Kg3 Rd2 51. Nf7 Bg1 52. Rb7
Bxh2+ 53. Kf3 Rd4 54. gxf5 exf5 55. Kg2 Rd2+ 56. Kf3 Kg8 57. Ra7 Rd3+ 58. Kg2
Bf4 59. Rb7 h5 0-1

[Event "XV Festival A"]
[Site "Verona ITA"]
[Date "2009.04.11"]
[Round "7"]
[White "Brunello, Sabino"]
[Black "Stromboli, Carlo"]
[Result "1/2-1/2"]
[WhiteElo "2477"]
[BlackElo "2283"]
[PlyCount "94"]
[EventDate "2009.04.07"]

1. e4 e5 2. Nf3 Nc6 3. Bb5 a6 4. Ba4 Nf6 5. O-O b5 6. Bb3 Bc5 7. c3 d6 8. d4
Bb6 9. a4 Bb7 10. Bg5 exd4 11. cxd4 h6 12. Bxf6 Qxf6 13. Bd5 O-O 14. Nc3 b4 15.
Ne2 Na5 16. Bxb7 Nxb7 17. Qb3 a5 18. Qd5 Rab8 19. Rfe1 Rfe8 20. Qc6 Re6 21.
Rad1 Nd8 22. Qc2 Re8 23. Ng3 Ne6 24. Nf5 Rbd8 25. Kf1 Kf8 26. Ne3 Nf4 27. g3
Nd3 28. Rxd3 Qxf3 29. Ng2 Qh5 30. Kg1 d5 31. e5 Qf5 32. Nh4 Qd7 33. Rdd1 Kg8
34. Nf5 b3 35. Qd3 Qxa4 36. e6 fxe6 37. Nxh6+ gxh6 38. Qg6+ Kf8 39. Qf6+ Kg8
40. Qg6+ Kf8 41. Rd3 Rd6 42. Qf6+ Kg8 43. Re5 Bxd4 44. Qg6+ Kf8 45. Qf6+ Kg8
46. Qg6+ Kf8 47. Qf6+ Kg8 1/2-1/2

[Event "XV Festival A"]
[Site "Verona ITA"]
[Date "2009.04.11"]
[Round "7"]
[White "De Filomeno, Simone"]
[Black "Garonzi, Martino"]
[Result "1-0"]
[WhiteElo "2229"]
[BlackElo "2029"]
[PlyCount "91"]
[EventDate "2009.04.07"]

1. e4 c5 2. Nf3 Nc6 3. d4 cxd4 4. Nxd4 g6 5. Nc3 Bg7 6. Nde2 Nf6 7. g3 O-O 8.
Bg2 d6 9. O-O Bd7 10. h3 Rc8 11. Be3 Qc7 12. Qd2 Rfd8 13. g4 e6 14. Nb5 Qa5 15.
Nxd6 Qxd2 16. Bxd2 Be8 17. Bf4 e5 18. Nxe8 Nxe8 19. Be3 Nd4 20. Bxd4 exd4 21.
Rac1 d3 22. cxd3 Bxb2 23. Rb1 Rc2 24. Nf4 b6 25. Nd5 Ba3 26. Rfd1 Bd6 27. a4
Kg7 28. Ne3 Rc3 29. d4 Bf4 30. Nd5 Rxd5 31. exd5 Nd6 32. Ra1 Kf6 33. Bf1 Ke7
34. Rdb1 Nc4 35. Bxc4 Rxc4 36. a5 Rxd4 37. axb6 axb6 38. Ra7+ Kf6 39. Rxb6+ Kg5
40. Rb5 Kh4 41. Kg2 h5 42. gxh5 g5 43. h6 g4 44. h7 gxh3+ 45. Kf3 Be5 46. Ra8
1-0

[Event "XV Festival A"]
[Site "Verona ITA"]
[Date "2009.04.11"]
[Round "7"]
[White "Godena, Michele"]
[Black "Pomaro, Alberto"]
[Result "1/2-1/2"]
[WhiteElo "2538"]
[BlackElo "2278"]
[PlyCount "90"]
[EventDate "2009.04.07"]

1. e4 c5 2. c3 Nf6 3. e5 Nd5 4. Nf3 Nc6 5. Bc4 Nb6 6. Be2 c4 7. Na3 Qc7 8. O-O
Nxe5 9. Nxe5 Qxe5 10. Nxc4 Nxc4 11. Bxc4 e6 12. Re1 Qc7 13. Bb3 Be7 14. d4 O-O
15. Qh5 Bf6 16. d5 e5 17. d6 Qxd6 18. Bg5 Bxg5 19. Qxg5 Re8 20. Rad1 Qe7 21.
Qxe7 Rxe7 22. f4 e4 23. Bd5 e3 24. Rd3 d6 25. Rdxe3 Rxe3 26. Rxe3 Kf8 27. Re4
Bd7 28. Rb4 Bc6 29. Bxc6 bxc6 30. Rb7 Ke8 31. Kf2 a5 32. a4 Rd8 33. Ke3 Rd7 34.
Rxd7 Kxd7 35. b4 Kc7 36. Kd4 Kb6 37. f5 f6 38. g4 h6 39. h4 Ka6 40. Ke4 Kb6 41.
Kf4 Ka6 42. Ke4 Kb6 43. Kd4 Ka6 44. Kd3 Kb6 45. Kc4 Ka6 1/2-1/2

[Event "XV Festival A"]
[Site "Verona ITA"]
[Date "2009.04.11"]
[Round "7"]
[White "Mrdja, Milan"]
[Black "Vezzosi, Paolo"]
[Result "1-0"]
[WhiteElo "2431"]
[BlackElo "2363"]
[PlyCount "89"]
[EventDate "2009.04.07"]

1. e4 e6 2. d4 d5 3. Nc3 Bb4 4. Nge2 dxe4 5. a3 Be7 6. Nxe4 Nf6 7. Qd3 Nc6 8.
Bf4 b6 9. O-O-O Bb7 10. N2c3 O-O 11. Nxf6+ Bxf6 12. d5 Ne7 13. dxe6 Qxd3 14.
Bxd3 Bxc3 15. bxc3 fxe6 16. Bxc7 Rxf2 17. Rhe1 Nd5 18. Bg3 Rf6 19. Be5 Rf7 20.
g3 Rc8 21. Kb2 Ne7 22. c4 Ng6 23. Bd6 Bf3 24. Rd2 Bg4 25. Bf1 Rd8 26. Kc1 Rfd7
27. Bb4 Rxd2 28. Bxd2 e5 29. Bd3 Kf7 30. Bc3 Re8 31. Kd2 Bh3 32. a4 Bg2 33. Ke3
e4 34. Be2 Ne5 35. a5 Bf3 36. Bxe5 Rxe5 37. axb6 axb6 38. Rb1 Bxe2 39. Kxe2 Re6
40. Ke3 Ke7 41. Rb5 h6 42. h3 Kd7 43. c5 bxc5 44. Rxc5 g6 45. Rc4 1-0

[Event "XV Festival A"]
[Site "Verona ITA"]
[Date "2009.04.11"]
[Round "7"]
[White "Parpinel, Marco"]
[Black "Panjkovic, Aleksandar"]
[Result "1-0"]
[WhiteElo "2148"]
[BlackElo "2118"]
[PlyCount "27"]
[EventDate "2009.04.07"]

1. e4 d5 2. exd5 Qxd5 3. Nc3 Qd6 4. d4 Nf6 5. Nf3 a6 6. Be2 Nc6 7. O-O Bf5 8.
Na4 O-O-O 9. c3 e5 10. Be3 Ng4 11. Ng5 Nxe3 12. fxe3 Qg6 13. Rxf5 Kb8 14. e4
1-0

[Event "XV Festival A"]
[Site "Verona ITA"]
[Date "2009.04.11"]
[Round "7"]
[White "Pienabarca, Nicola"]
[Black "Luciani, Valerio"]
[Result "0-1"]
[WhiteElo "2092"]
[BlackElo "2214"]
[PlyCount "84"]
[EventDate "2009.04.07"]

1. d4 d5 2. Nf3 Nf6 3. c4 c6 4. b3 Bf5 5. g3 e6 6. Bg2 Bd6 7. O-O Nbd7 8. Bb2
O-O 9. Nbd2 Qe7 10. Ne5 Ba3 11. Bxa3 Qxa3 12. Nxd7 Nxd7 13. e4 dxe4 14. Nxe4
Bxe4 15. Bxe4 Nf6 16. Qe2 Rad8 17. Rfd1 Rd7 18. Bf3 Rfd8 19. Qe3 h6 20. h4 a6
21. Qc3 Ne8 22. Rd2 Qe7 23. Rad1 Qf6 24. b4 Nd6 25. Rd3 Nf5 26. d5 Qxc3 27.
Rxc3 Ne7 28. d6 Rxd6 29. Rxd6 Rxd6 30. b5 axb5 31. cxb5 Nd5 32. bxc6 bxc6 33.
Rb3 Rd8 34. Kf1 Ra8 35. a3 Kf8 36. Ke2 Ra7 37. Be4 h5 38. f4 Ke7 39. Kd3 Kd6
40. Kc4 Ra4+ 41. Kd3 c5 42. Bxd5 exd5 0-1